Loading...
शामी कागज नसीशा
| Main Author: | |
|---|---|
| Other Authors: | |
| Format: | Printed Book |
| Published: |
New Delhi:
Vani,
2008
|
| Subjects: |
| LEADER | 00573nam a22001577a 4500 | ||
|---|---|---|---|
| 020 | |a 9789350000458 | ||
| 082 | |a H891.433 |b SHA/S | ||
| 100 | |a नसीशा शर्मा | ||
| 245 | |a शामी कागज नसीशा | ||
| 260 | |a New Delhi: |b Vani, |c 2008 | ||
| 300 | |a 174p. | ||
| 650 | |a Sharmi kagaz |a Hindi fiction |a Hindi literature | ||
| 700 | |a Nasira sharma | ||
| 942 | |c BK | ||
| 999 | |c 35969 |d 35969 | ||
| 952 | |0 0 |1 0 |4 0 |6 H_891_433000000000000_SHAS |7 0 |8 Stack |9 38062 |a KUCL |b KUCL |c Stack |d 2015-11-17 |g 295.00 |l 1 |o H891.433 SHA/S |p 33136 |r 2016-02-03 |s 2016-01-08 |w 2015-11-17 |y BK | ||